000 00843nam a22002777a 4500
005 20251108170519.0
008 250721s2000 xx 000 0 ara d
020 _a9957072021
082 1 4 _a370.15/توق
100 1 _aتوق، محي الدين
245 1 0 _aأسس علم النفس التربوي /
264 1 _aعمان :
_bدار الفكر،
_c2000.
300 _a560ص
650 1 7 _aعلم النفس التربوي
650 1 7 _aالتعلم
650 1 7 _aالأهداف التربوية
650 1 7 _aنظرية الدوافع
650 1 7 _aالنظرية التربوية
650 1 7 _aالذكاء
650 1 7 _aالتدريب الإختبارات
650 1 7 _aأساليب التقييم
700 1 _aقطامي، يوسف
700 1 _aعدس، عبد الرحمن
942 _2ddc
_cBK
999 _c42332
_d42332